Cost Analysis and Estimating Tools and Techniques

Saved in:
Bibliographic Details
Other Authors: Greer, William R., Nussbaum, Daniel A.
Format: Book
Language:English
Published: New York Springer 1990
Edition:1. ed.
Tags: Add Tag
No Tags, Be the first to tag this record!

MARC

LEADER 00000nam a2200000 4500
001 c024295
005 20221215113514.5
041 0 |a eng 
044 |a US 
245 1 0 |a Cost Analysis and Estimating  |b Tools and Techniques  |c Edit. William R. Greer, Daniel A. Nussbaum 
250 |a 1. ed. 
264 1 |a New York  |b Springer  |c 1990 
300 |a 306 s. 
700 1 |a Greer, William R. 
700 1 |a Nussbaum, Daniel A.